000 02412nam a2200313 a 4500
001 BRCA_3341
005 20190320204232.0
008 250309s1885----enk#---###---#000-0#eng-#
041 _aeng
044 _aenk
084 _a635
_b.S65
_c1885
100 1 _aCervantes Saavedra, Miguel de
_d1547-1616
_9213
245 1 0 _aIngenious Gentleman Don Quixote of la Mancha
_cBy Miguel de Cervantes Saavedra; A Translation with Introduction and Notes by John Ormsby.
260 _aLondres
_bElder Smith and Co.
_c1885
300 _a4 v.
_c23 cm.
_emapa de la mancha
500 _aContenido : v.1. Primera parte. Mapa. Biografía de Cervantes y Don Quijote por Ormsby. Prólogo del autor. Versos preliminares. Notas. -- v.2. Primera parte. Texto. Notas. -- v.3. Segunda parte. Prólogo del autor. Notas. -- v.4. Segunda parte. Texto. Notas. Apéndices: I. Proverbios de Don Quijote II. Libros de caballería españoles III. Bibliografía de las ediciones y traducciones del Quijote
500 _aTraducción de J. Ormsby, una de las mejores, no solo inglesas si no en general. Se distingue de otras ediciones por haberla vertido su traductor al inglés moderno y proveído de notas y comentarios que manifiestan un notable saber del renombrado hispanista ingles. Así, en la biografía de Cervantes revela no usuales conocimientos referentes a esta materia, y en las páginas dedicadas al Quijote expone su punto de vista analizando la obra y, señalando a la par las multiples bellezas que adornan la novela. Sin embargo, presta mas atención a la forma que al contenido, a la letra que al espíritu. Tiene, además, el mérito de haber conservado el escudo de la primera edición de Juan de la Cuesta, omitido por la abrumadora mayoría de las demás ediciones en cualquier idioma. La parte tipográfica de esta edición, hecha con extremo cuidado, no deja nada que desear. Tela Lúdovik Osterc
500 _aEstado físico : Lomo del v.1 parcialmente desprendido
500 _aQM485
546 _aTexto en : inglés
650 1 4 _aNovela española
_yÉpoca clásica, 1500-1700
_9215
650 1 4 _aLiteratura española
_yÉpoca clásica, 1500-1700
_9216
650 1 4 _aNovela española
_ySiglo XVII
_9217
650 1 4 _aDon Quijote (Personaje ficticio)
_eNovela
_9218
700 1 _aOrmsby, John
_d1829-1895
_eEditor
_98827
740 0 _aEl Ingenioso Hidalgo Don Quijote de la Mancha
902 _aQFM
942 _2lcc
_cB
999 _c3077
_d3077